000 00483nam a2200181Ia 4500
008 090124s9999 xx 000 0 und d
082 _b20876
100 _aआचार्य नयना
245 _a उधान
250 _a1
260 _bपरिमल प्रकाशन
_c1982
300 _a174
600 _aआचार्य नयना
630 _a उधान
700 _aआचार्य नयना
730 _a उधान
942 _cBOOK
999 _c91016
_d91016